| 000 | 00644nam a2200217Ia 4500 | ||
|---|---|---|---|
| 003 | GCL | ||
| 008 | 140319s9999 xx 000 0 ara d | ||
| 040 |
_aGCL / _cGCL |
||
| 082 | 0 | 4 |
_a822 _bا س |
| 100 | 1 | _aنعيم عطية | |
| 245 | 1 | 0 |
_aسبع مسرحيات / _cنعيم عطية |
| 700 | 1 | _aاونيل، يوجين | |
| 300 | _a359 ص | ||
| 490 |
_aمسرحيات عالمية _v0 |
||
| 650 | 0 | 4 | _aالادب |
| 650 | 0 | 4 | _aالمسرحيات |
| 650 | 0 | 4 | _aالادب الامريكى |
| 650 | 0 | 4 | _aالادب الامريكى المترجم |
| 650 | 0 | 4 | _aالمسرحيات الامريكية المترجمة |
| 942 |
_2ddc _cBK |
||
| 999 |
_c40422 _d40422 |
||